000 00609nam a2200241Ia 4500
003 OSt
005 20220912152748.0
006 a|||||r|||| 00| 0
007 ta
008 220909b |||||||| |||| 00| 0 eng d
024 _a35527
037 _cTextual
040 _aCSL
_beng
_cCSL
041 _aeng
082 _aD65, J74;K7;2
100 _aRyder John D
245 0 _aEngineering electronics: With industrial application and control
260 _c1967
300 _ap.
_ccm.
650 _aElectronics
942 _hD65, J74;K7;2
_cTEXL
_2CC
999 _c91573
_d91573